[Event "Moscow op-B"]
[Site "Moscow"]
[Date "2009.02.01"]
[Round "3"]
[White "Lisinov, Viacheslav"]
[Black "Staroselsky, Vladimir"]
[Result "1-0"]
[WhiteElo "2129"]
[BlackElo "1957"]
[PlyCount "52"]
[EventDate "2009.01.31"]
[EventType "swiss"]
[EventRounds "9"]
[EventCountry "RUS"]
[SourceTitle "EXT 2012"]
[Source "ChessBase"]
[SourceDate "2011.11.24"]
[SourceVersion "1"]
[SourceVersionDate "2011.11.24"]
[SourceQuality "1"]

1. e4 c6 2. d4 d5 3. e5 Bf5 4. Nc3 e6 5. g4 Bg6 6. Nge2 Nd7 7. h4 h6 8. Nf4 Ne7 9. h5 Bh7 10. Bd3 Bxd3 11. Qxd3 Qb6 12. Be3 0-0-0 13. 0-0 Kb8 14. a3 Nc8 15. b4 Qc7 16. Nd1 Ncb6 17. Nb2 Be7 18. Ne2 Qc8 19. f4 Rhg8 20. f5 exf5 21. gxf5 Bg5 22. Bf4 Ka8 23. Rae1 Nf8 24. Ng3 g6 25. e6 fxe6 26. fxg6 Bf6 1-0

[Event "Moscow op-B 04th"]
[Site "Moscow"]
[Date "2008.02.06"]
[Round "5"]
[White "Staroselsky, Vladimir"]
[Black "Zimin, Alexey"]
[Result "0-1"]
[WhiteElo "1974"]
[BlackElo "2206"]
[PlyCount "69"]
[EventDate "2008.02.02"]
[EventType "swiss"]
[EventRounds "9"]
[EventCountry "RUS"]
[SourceTitle "CBM 122 Extra"]
[Source "ChessBase"]
[SourceDate "2008.03.04"]
[SourceVersion "1"]
[SourceVersionDate "2008.03.04"]
[SourceQuality "1"]

1. d4 d5 2. c4 e6 3. Nc3 Be7 4. Bf4 Nf6 5. e3 0-0 6. Nf3 c5 7. Bd3 Nc6 8. h3 dxc4 9. Bxc4 a6 10. dxc5 Qa5 11. 0-0 Qxc5 12. Qe2 b5 13. Bb3 Bb7 14. Rac1 Qh5 15. a3 Rfd8 16. Rfe1 Bd6 17. Bxd6 Rxd6 18. e4 Ne5 19. Nxe5 Qxe5 20. Qe3 Rad8 21. f4 Qh5 22. Bd1 Qg6 23. Bc2 Rd4 24. Re2 Qh6 25. Nd5 R4xd5 26. exd5 Nxd5 27. Rd1 Rc8 28. Qd4 g6 29. Rf1 Rc4 30. Qe5 Nxf4 31. Ref2 Bxg2 32. Rxf4 Bxf1 33. Rxf1 Rxc2 34. Qf6 Qe3+ 35. Rf2 0-1

[Event "Moscow op-B 04th"]
[Site "Moscow"]
[Date "2008.02.05"]
[Round "4"]
[White "Simonian, Tigran"]
[Black "Staroselsky, Vladimir"]
[Result "1-0"]
[WhiteElo "2170"]
[BlackElo "1974"]
[PlyCount "65"]
[EventDate "2008.02.02"]
[EventType "swiss"]
[EventRounds "9"]
[EventCountry "RUS"]
[SourceTitle "CBM 122 Extra"]
[Source "ChessBase"]
[SourceDate "2008.03.04"]
[SourceVersion "1"]
[SourceVersionDate "2008.03.04"]
[SourceQuality "1"]

1. d4 Nf6 2. c4 e6 3. Nf3 b6 4. g3 Bb7 5. Bg2 Be7 6. 0-0 0-0 7. Re1 d6 8. Nc3 Ne4 9. Qc2 Nxc3 10. Ng5 Ne4 11. Bxe4 Bxe4 12. Qxe4 Bxg5 13. Qxa8 a5 14. Qb7 Bf6 15. Qe4 Nd7 16. Bd2 Re8 17. Bc3 g6 18. Rad1 Bg7 19. Qc2 Nf6 20. c5 d5 21. cxb6 cxb6 22. f3 Qd6 23. e4 dxe4 24. fxe4 Qc6 25. Qg2 Qa4 26. d5 Qxa2 27. d6 Nd7 28. Bxg7 Kxg7 29. Qc2 Nc5 30. Qc3+ f6 31. e5 f5 32. b4 axb4 33. Qxb4 1-0